000
00283nam a22001097a 4500
082
_a
623.746 COM'T
100
_a
TAYLOR, JOHN W. A
_9
77801
245
_a
COMBAT AIRCRAFT OF THE WORLD FROM 1909 TO THE PRESENT
260
_a
NEWYORK
_b
G. P. PUTNAMS
_c
1969
300
_a
647P
942
_c
BK
999
_c
583015
_d
583015